000 00905nam a2200253 i 4500
001 37284
003 ES-MaACL
005 20250826051216.0
007 t|
008 030220s1973 sp ||||1| spa d
100 1 _aBuchanan, James M.
_932285
245 1 3 _aLa hacienda pública en un proceso democrático /
_cJames M. Buchanan ; traducción por José R. Álvarez Rendueles y Manuel Olleros Izard.
250 _a1ª ed.
260 _a[Madrid] :
_bAguilar,
_c[1973]
300 _aXXXVI, 347 p. ;
_c22 cm.
490 1 _aBiblioteca de ciencias sociales. Economía
650 7 _aHacienda pública
_2embne
_913279
650 0 0 _aPolítica fiscal.
_916296
700 1 _aAlvarez Rendueles, José Ramón.
_920929
700 1 _aOlleros Izard, Manuel.
_986931
830 1 0 _aBiblioteca de ciencias sociales (Aguilar).
_pEconomía
_9181705
852 _aES-MaACL
_jC-56080
999 _c37284
_d37284